Statistiques concernant Personnages de Super Mario Bros.le film

Cliquez ici pour prendre le quiz!

Statistiques générales

  • Ce quiz a été pris 163 fois
    (43 depuis la dernière actualisation)
  • Le résultat moyen est 22 sur 85

Statistiques - réponses

IndicesPersonnages% Correct
Plombier portant du RougeMario
100%
Princesse du Royaume ChampignonPeach
100%
Chef de l'armée des ToadGénéral Toad
94%
Plombier portant du VertLuigi
94%
"Meilleur amis" autoproclamé du HérosToad
94%
Héros du Royaume de la JungleDonkey Kong
89%
Roi du Pays-NoirBowser
83%
Se transforme en Carapace BleueGénéral Koopa
80%
Unité principale de l'Armée KoopaKoopa
77%
Magicien portant une robe bleueKamek
74%
Dinosaure vivant sur une îleYoshi
60%
Champignon Marron de l'Armée KoopaGoomba
54%
Se trouve dans les gradins du Combat Mario VS Donkey KongDiddy Kong
51%
Individu vêtu de rouge portant un masque blancMaskass
51%
Unité mort-vivante de l'Armée KoopaSkelerex
51%
Apparait sur une affiche de Toadville, représentée jouant de la batterieToadette
49%
Habitant du Royaume de GlacePingouin
40%
Ancien Patron des Frères MarioSpike
40%
Unité volante de l'Armée KoopaParatroopa
37%
Fusée noireBill Ball
34%
Bombe qui marcheBob-Omb
34%
Maire de New YorkPauline
34%
Roi Boo
34%
Dirigeant du Royaume de la JungleCranky Kong
31%
Dixie Kong
31%
Plante carnivore vivant dans des tuyauxPlante Piranha
31%
Invitée au Mariage de BowserRoi Bob-Omb
31%
Apparait dans un Flashback de LuigiBébé Luigi
29%
Bébé Mario
29%
Tortue jetant des marteauxFrère Marto
29%
Conduit des Karts avec Mario and CoFunky Kong
29%
Transformation avec la Super ClochetteMario Chat
29%
Transformation avec le Mini-ChampiMini-Mario
29%
Calamars jetant de l'encreBloups
26%
Poisson RougeCheep-Cheep
26%
Transformation avec le Super ChampiSuper Mario
26%
Apparait dans un Flashback de PeachBébé Peach
23%
Transformation avec la Super FeuilleMario Tanuki
23%
Dirigeant du Royaume de GlaceRoi des Pingouins
23%
Transformation avec l'Étoile d'invincibilitéMario Invincible
17%
Transformation avec la Fleur de FeuPeach de Feu
17%
Transformation avec la Fleur de GlacePeach de Glace
17%
Individu vêtu de rouge portant un masque noirSnifit
17%
bébé calamarsBébé Bloups
14%
Arme de Destruction MassiveBill Bourin
14%
"Chien" enchaînéChain Chomp
14%
Donkey Kong de feu
14%
Tortue avec des épinesHériss
14%
Luigi Invincible
14%
Chien des premiers clientsFrancis
11%
Marque du Piano de BowserLudwig von Koopa
11%
Mama Mia Mario
11%
Famille de Mario et LuigiPapa Pio Mario
11%
Héros du jeu auquel Mario joue dans sa chambrePit
11%
Chauve-sourisSwooper
11%
Grosse Tortue jetant des gros marteauxFrère Mastoc
9%
Photos dans la Punch-Out PizzeriaLittle Mac
9%
personnage de Duck HuntCanard
6%
Coccinelle se baladantCoccinelly
6%
Apparait sur une pancarte d'un magasin de Toadville: animal marin avec épinesOursin
6%
Boule avec des jambes roncesAlfronce
3%
Murène qui avale Mario et DKAnguy/ Mordrène / Murène
3%
Tortue avec une carapace bleue foncéeBruyinsecte
3%
Amie de ToadChanterelle
3%
Chunky Kong
3%
Les premiers clients de Super Mario Bros.PlomberieCoupledeBrKLn
3%
Doc Louis
3%
Italien ressemblant à JumpManGiuseppe
3%
Glass Joe
3%
Prisonnier souhaitant "être libéré"Goinfre Luma
3%
Grand-père de Mario et Luigi
3%
Luigi Cape
3%
Transformation avec la Plume(référence)Mario Cape
3%
Nièce de Mario et Luigi
3%
Oncle Arthur
3%
Oncle Tony
3%
Oiseau du Royaume ChampignonPetit Oiseau
3%
Se fait renverser par la Banane du Garde KongSwanky Kong
3%
Tante Marie
3%
Bear Hugger
0%
poisson violet avec épineCheep Kipic / Pik Cheep/ Pâchère-Pâchère
0%
Kiddy Kong
0%
méduseLuméduse
0%
Mr.Sandman
0%
Piston Hondo
0%

Distribution des résultats

Percentile par nombre de réponses

% des personnes avec chaque résultat

Votre développement - résultats

Vous n’avez pas pris ce quiz depuis la dernière actualisation